Statistiques concernant Les enfants dans les films #2

Cliquez ici pour prendre le quiz!

Statistiques générales

  • Ce quiz a été pris 235 fois
  • Le résultat moyen est 9 sur 16

Statistiques - réponses

Réponse% Correct
Harry Potter à l'école des sorciers
100%
La Famille Addams
90%
Les Choristes
86%
Charlie et la Chocolaterie
84%
Le Grinch
82%
Casper
75%
Léon
63%
Neuilly sa Mère
62%
Nanny Mcphee
41%
Nos Jours Heureux
41%
Hook ou la Revanche du capitaine Crochet
39%
Les 400 Coups
20%
Oliver Twist
20%
Hugo Cabret
17%
Le Secret de Terabithia
17%
Le Grand Chemin
14%

Distribution des résultats

Percentile par nombre de réponses

% des personnes avec chaque résultat

Votre développement - résultats

Vous n’avez pas pris ce quiz